000 00428nam a2200145Ia 4500
003 OSt
005 20260120104957.0
008 211028s2014 xx 000 0 und d
040 _cAIMIT LIBRARY
041 _aeng
100 _aSequeira, Avelyn Ian; Dias, Beena.
_g1216019
_97135
245 _aIssues related to renting of apartments by mandavi developers Manipal /
260 _aMangalore
_bBeena Dias
_c2014
942 _2ddc
_cPRO
999 _c218705
_d218705